Dlhové financovanie podnikov

Salvato in:
Dettagli Bibliografici
Autore principale: Nináčová, Valéria
Ente Autore: Ekonomická univerzita v Bratislave. Fakulta podnikového manažmentu
Altri autori: Hyránek, Eduard, 1955-
Natura: Libro
Lingua:slovacco
Pubblicazione: Bratislava Vydavateľstvo EKONÓM 2004
Soggetti:
Tags: Aggiungi Tag
Nessun Tag, puoi essere il primo ad aggiungerne!!

MARC

LEADER 00000nam$a2200000$$$4500
001 0008605
005 20240502071353.7
020 |a 80-225-1794-1 
041 0 |a slo 
044 |a SK 
245 1 0 |a Dlhové financovanie podnikov  |c Valéria Nináčová 
264 1 |a Bratislava  |b Vydavateľstvo EKONÓM  |c 2004 
300 |a 226 s. 
610 2 0 |a financovanie podnikov 
610 2 0 |a úver 
610 2 0 |a rozhodovanie úverové 
610 2 0 |a stratégia podniková 
610 2 0 |a rozhodovanie podnikové 
610 2 0 |a zadlženosť 
610 2 0 |a úver medzinárodný 
610 2 0 |a riziko úverové 
610 2 0 |a záruka 
610 2 0 |a úver bankový 
610 2 0 |a Európska únia 
610 2 0 |a porovnanie medzinárodné 
610 2 0 |a úverovanie 
100 1 |a Nináčová, Valéria 
700 1 |a Hyránek, Eduard, 1955- 
710 2 |a Ekonomická univerzita v Bratislave. Fakulta podnikového manažmentu